Las crónicas de Narnia: el león, la bruja y el ropero. Libro I

Guardat en:
Dades bibliogràfiques
Autor principal: Lewis, C. S (Autor)
Format: Llibre
Idioma:espanyol
Publicat: Santiago Andres Bello 1998
Edició:8a. ed
Col·lecció:Gran Biblioteca Icarito
Matèries:
Etiquetes: Afegir etiqueta
Sense etiquetes, Sigues el primer a etiquetar aquest registre!

MARC

LEADER 00000nam a2200000 a 4500
001 UCH8334
003 CL-VaPUC
005 20220913074551.0
008 091127e19980000CL |||||||||||||||||spa|d
999 |c 338557  |d 338555 
020 |a 9561301164 
040 |c Pontificia Universidad Católica de Valparaíso 
082 0 4 |a 823  |b LEW  |2 21 
100 |a Lewis, C. S  |e author  |9 328236 
245 1 4 |a Las crónicas de Narnia: el león, la bruja y el ropero. Libro I 
250 |a 8a. ed 
260 |a Santiago  |b Andres Bello  |c 1998 
300 |a 154 p 
490 0 |a Gran Biblioteca Icarito 
583 |a last modification  |c 20091127 00:00:00  |k Rodrigo Vera 
650 0 |a Literatura  |9 259151 
650 0 |a Literatura inglesa  |9 312907 
650 0 |a Escritores ingleses  |9 389424 
650 0 |a Cuentos ingleses  |9 265135 
650 0 |a Cuentos infantiles  |9 308044 
650 0 |a Lectura  |9 307634 
650 0 |a Ficción   |9 376687 
651 0 |a Inglaterra  |9 255158 
942 |c BK  |2 ddc 
945 |d 20091127 00:00:00  |a lazolas